| 000 | 02457cam a22006494i 4500 | ||
|---|---|---|---|
| 003 | PE-LiUPU | ||
| 005 | 20250731170410.0 | ||
| 008 | 151117s2012 sp a r 000 0 spa d | ||
| 020 | _a8415262418 | ||
| 020 | _a9788415262411 | ||
| 035 | _a(Sirsi) i9788415262411 | ||
| 040 |
_aPE-LiUPU _bspa _cPE-LiUPU _erda |
||
| 041 | 1 |
_aspa _heng |
|
| 049 | _aPRUA | ||
| 082 | 0 | 4 |
_a152.46 _bH87 |
| 100 | 1 |
_aHuebner, Dawn, _eautor. |
|
| 245 | 1 | 0 |
_aQué puedo hacer cuando me preocupo demasiado : _bun libro para niños con ansiedad / _cDawn Huebner ; ilustraciones de Bonnie Matthews. |
| 250 | _aSegunda edición. | ||
| 264 | 1 |
_aMadrid : _bTEA, _c2012. |
|
| 300 |
_a80 páginas : _bilustraciones ; _c30 centímetros. |
||
| 336 |
_atext _2rdacontent |
||
| 337 |
_aunmediated _2rdamedia |
||
| 338 |
_avolume _2rdacarrier |
||
| 490 | 0 | _aGuías para niños qué puedo hacer | |
| 505 | 0 | _a¿Cultivas tus preocupaciones? -- ¿Qué es una preocupación? -- ¿Cómo empiezan las preocupaciones? -- Cómo hacer que desaparescan las preocupaciones -- ¿Cómo perder menos tiempo con las preocupaciones? -- Enfrentarse a las preocupaciones -- Cómo ponerte a punto otra vez -- Cómo mantener las preocupaciones alejadas -- ¡Puedes conseguirlo! | |
| 526 | _aSEG68 | ||
| 526 | _aSEG70 | ||
| 526 | _aSEG69 | ||
| 526 | _aSEG67 | ||
| 526 | _aSEG43 | ||
| 526 | _aP144 | ||
| 526 | _aP143 | ||
| 526 | _aP131 | ||
| 526 | _aP122 | ||
| 526 | _aP120 | ||
| 526 | _aP117 | ||
| 526 | _aP112 | ||
| 526 | _aP110 | ||
| 526 | _aP106 | ||
| 526 | _aP101 | ||
| 526 | _aP80 | ||
| 526 | _aP59 | ||
| 526 | _aP54 | ||
| 526 | _aP35 | ||
| 526 | _aP33 | ||
| 526 | _aP30 | ||
| 534 |
_pTítulo Original : _tWhat to do when you worry too much. |
||
| 541 | _g001-001613; | ||
| 650 | 1 | 4 |
_aAnsiedad en niños _xLiteratura infantil. |
| 700 | 1 |
_aMatthews, Bonnie, _d1963- , _eilustraciones. |
|
| 910 |
_ardg _bjck _crdg _d20151117 |
||
| 942 |
_2ddc _cBOOK |
||
| 949 |
_a152.46 H87 _wDEWEY _c1 _i71973 _d2016-4-3 _e2016-3-29 _lCCODEBUL1 _mBUL _n1 _p34.53 _r0 _sY _tBOOK _u2015-11-17 _xSALUD _PP33 _0COMPRA _o.STAFF. Colección General |
||
| 994 |
_aC0 _bPEPRU |
||
| 596 | _a1 | ||
| 999 |
_a152.46 H87 _wDEWEY _c7881 _i71973 _d7881 _e2019-9-22 _f2021-11-3 _g5 _lCCODEBUL1 _mBUL _n7 _p34.53 _q4 _r0 _sY _tBOOK _u2015-11-17 _xSALUD _PP33 _0COMPRA _o.STAFF. Colección Ciencias de la Salud |
||
| 980 |
_81 _gALBERTO SANCHEZ Responsable de Automatización |
||